| 000 | 00762nam a22002658i 4500 | ||
|---|---|---|---|
| 999 |
_c48748 _d48748 |
||
| 001 | 3517146 | ||
| 008 | 771130r1977 cau 001 0aeng | ||
| 010 | _a77006161 | ||
| 020 | _a0060688211 : | ||
| 040 |
_aDLC _cDLC _dEXN |
||
| 043 |
_ae-uk-en _an-us--- |
||
| 049 |
_aEXNW [352669] _c1 [352669] |
||
| 100 | 1 | _aVanauken, Sheldon. | |
| 245 | 1 | 2 |
_aA severe mercy / _cby Sheldon Vanauken. |
| 260 |
_aNew York : _bHarper & Row, _cc1977. |
||
| 300 |
_a233 p. ; _c22 cm. |
||
| 336 | _atext | ||
| 337 | _aunmediated | ||
| 338 | _avolume | ||
| 500 | _aIncludes index. | ||
| 600 | 1 | 0 |
_aLewis, C. S. _q(Clive Staples), _d1898-1963 _xCorrespondence. |
| 650 | 0 |
_aAnglicans _zUnited States _xBiography. |
|
| 650 | 0 |
_aAnglicans _zEngland _xBiography. |
|
| 942 |
_2lcc _cBK |
||